|
|
|
|
| LEADER |
01750nam a2200445 i 4500 |
| 001 |
nkc20213304060 |
| 003 |
CZ PrNK |
| 005 |
20210805081059.0 |
| 007 |
ta |
| 008 |
210419s2021 xr a g 6 000 1 cze |
| 015 |
|
|
|a cnb003304060
|
| 020 |
|
|
|a 978-80-7449-898-5
|q (brožováno) :
|c Kč 369,00
|
| 035 |
|
|
|a (OCoLC)1263256930
|
| 040 |
|
|
|a KAG503
|b cze
|d ABG001
|d BOA001
|e rda
|
| 041 |
1 |
|
|a cze
|h eng
|
| 072 |
|
7 |
|a 741.52
|x Komiksy. Komiksové adaptace
|2 Konspekt
|9 21
|
| 080 |
|
|
|a 741.52(0:82-322.9)
|2 MRF
|
| 100 |
1 |
|
|a Kibblesmith, Daniel,
|d 1983-
|7 xx0237267
|4 aut
|
| 245 |
1 |
0 |
|a Loki :
|b bůh, který spadl na Zemi /
|c Daniel Kibblesmith, scénář ; Oscar Bazaldua a Andy MacDonald, kresba ; Kateřina Tichá, překlad
|
| 246 |
3 |
0 |
|a Bůh, který spadl na Zemi
|
| 250 |
|
|
|a První vydání
|
| 264 |
|
1 |
|a [Praha] :
|b Crew,
|c 2021
|
| 300 |
|
|
|a 129 nečíslovaných stran :
|b barevné ilustrace ;
|c 26 cm
|
| 336 |
|
|
|a text
|b txt
|2 rdacontent
|
| 336 |
|
|
|a statický obraz
|b sti
|2 rdacontent
|
| 337 |
|
|
|a bez média
|b n
|2 rdamedia
|
| 338 |
|
|
|a svazek
|b nc
|2 rdacarrier
|
| 500 |
|
|
|a "Obsahuje sešity Loki (2019) č. 1-5 a materiál ze sešitu Válka říší: Omega"--4. strana obálky
|
| 500 |
|
|
|a Přeloženo z angličtiny
|
| 500 |
|
|
|a Na obálce uvedeno původní nakladatelství: Marvel
|
| 655 |
|
7 |
|a superhrdinské komiksy
|7 fd1057488
|2 czenas
|
| 655 |
|
9 |
|a superhero comics
|2 eczenas
|
| 700 |
1 |
|
|a Bazaldua, Oscar,
|d 1967-
|7 xx0259629
|4 ill
|
| 700 |
1 |
|
|a MacDonald, Andy
|7 xx0226311
|4 ill
|
| 700 |
1 |
|
|a Tichá, Kateřina
|7 ola2018989511
|4 trl
|
| 910 |
2 |
|
|a BOA001
|b 3-1464.358
|
| 990 |
|
|
|a BK
|
| 995 |
|
|
|a 01
|
| 991 |
|
|
|b 202105
|c NOV
|
| 996 |
6 |
|
|b 2610865137
|c 3-1464.358
|l MZK
|r Sklad / do 1 hodiny
|n 2
|p p.v.
|w 001851476
|u 000010
|a 1
|e BOA001
|j MZK50
|s P
|